000
00321 a2200133 4500
000
nam a22 7a 4500
005
20260129153021.0
020
_a
9781032253978
100
_a
Edited By Henry Bial
_9
1112779
245
_a
The Performance Studies Reader
250
_a
4th
260
_b
Routledge
_c
2024
942
_c
TEXL
999
_c
1678375
_d
1678375